00426nam a2200121Ia 4500008004100000245008200041245002000123260000900143650001200152856004800164999001900212952007300231171204s9999 xx 000 0 und d aFriends, Foes, and Future Directions: U.S. Partnerships in a Turbulent World: cHans Binnendijk c2016 xHistory uhttp://down.ebook777.com/063/0833092200.pdf c345532d345532 001040aCLbCLd2017-12-04l0r2017-12-04 00:00:00w2017-12-04yCBE